Quizzes
Events
Quiz Creation
Community
Videos
Private Events
Remove Ads
Sign In
Join for FREE
Feedback
Dark Mode
Quiz Categories
Sports
Geography
Music
Movies
Television
Just For Fun
Miscellaneous
History
Literature
Language
Science
Gaming
Entertainment
Religion
Holiday
For Kids
Quiz Lab
Recent
Popular Today
Quiz Kudos Today
Editor Picks
Curator Picks
Quizzes by...
Day
Popularity
Type
Ratings
Length
Year
Community
Subscriptions
Recent Discussions
Orange Saloon
Badges
Playlists
Quests
Create
Leaderboards
Showdown
Live 5
Trivia Bingo
Activity
Puzzle Library
Sporcle Events
Private Events
Virtual Trivia
Globe League
Become a Host
Pub Owners
SporcleCon
Opinionation
Our Games
Videos
Blog
Mobile Apps
Partnerships
Remove Ads and Go Orange
Feedback
Literature
Harry Potter
A Song of Ice and Fire
The Hunger Games
Literary Character
Shakespeare
Book
Author
Novel
Poem
Young Adult
Children's Books
Play
Lord of the Rings
Literature
Harry Potter
A Song of Ice and Fire
The Hunger Games
Literary Character
Shakespeare
Book
Author
Novel
Poem
Young Adult
Children's Books
Play
Lord of the Rings
Random Quiz
Search Sporcle
×
Quiz Lab
Quiz Lab
Literature
Book
Type in answers that appear in a list
Type in answers that appear in a list
Classic
Best Score? Go Orange.
Alan Dershowitz Books Stats
Can you name the books by Alan Dershowitz?
By
Albany
6m
25 Questions
7 Plays
7 Plays
7 Plays
Comments
Comments
Give Quiz Kudos
Give Quiz Kudos
-
- Ratings
hide this ad
More Info
Replay
Link that replays current quiz
Next Quiz
Link to next quiz in quiz playlist
You Got
0%
They Got
Avg Score
17%
Avg Friend Score
Upgrade to see
Score Distribution
Jump to the score distribution portion of the page
Score
0/25
Timer
06:00
0
Plays Today
Year
Book
% Correct
2005
The Case for Israel
100%
1992
Chutzpah
57.1%
2006
The Case for Peace: How the Arab-Israeli Conflict Can be Resolved
57.1%
2008
The Case Against Israel's Enemies: Exposing Jimmy Carter and Others Who Stand in the Way of Peace
42.9%
2002
Supreme Injustice: How the High Court Hijacked Election 2000
28.6%
1988
Taking Liberties: A Decade of Hard Cases, Bad Laws, and Bum Raps
14.3%
1994
The Abuse Excuse: And Other Cop-Outs, Sob Stories, and Evasions of Responsibility
14.3%
1997
Reasonable Doubts: The Criminal Justice System and the O.J. Simpson Case
14.3%
1998
The Vanishing American Jew: In Search of Jewish Identity for the Next Century
14.3%
2003
Why Terrorism Works: Understanding the Threat, Responding to the Challenge
14.3%
2005
Letters to a Young Lawyer (Art of Mentoring)
14.3%
2005
Rights From Wrongs: A Secular Theory of the Origins of Rights
14.3%
2007
Preemption: A Knife That Cuts Both Ways (Issues of Our Time)
14.3%
Year
Book
% Correct
2007
What Israel Means to Me: By 80 Prominent Writers, Performers, Scholars, Politicians, and Journalists
14.3%
2009
The Case For Moral Clarity: Israel, Hamas and Gaza
14.3%
1992
Contrary to Popular Opinion
0%
1994
The Advocate's Devil
0%
1998
Sexual McCarthyism: Clinton, Starr, and the Emerging Constitutional Crisis
0%
1999
Just Revenge: A Novel
0%
2001
The Genesis of Justice: 10 Stories of Biblical Injustice That Led to the 10 Commandments and Modern Morality and Law
0%
2002
Shouting Fire: Civil Liberties in a Turbulent Age
0%
2003
America Declares Independence
0%
2005
America on Trial: Inside the Legal Battles That Transformed Our Nation
0%
2008
Blasphemy: How the Religious Right is Hijacking the Declaration of Independence
0%
2009
Finding, Framing, and Hanging Jefferson: A Lost Letter, a Remarkable Discovery, and Freedom of Speech in an Age of Terrorism
0%
Quiz Playlist
Details
Report
Send in Message
Add To Playlist
More Info:
Alan M. Dershowitz is a professor at Harvard Law School and a prolific author. Can you name all 25 of his books (as of 2009)?
Classic:
Type in answers that appear in a list
Quiz Source
Last Updated: Feb 16, 2017
Quiz Scoreboard
CHALLENGE
Sign Up to Join the Scoreboard
Show All
Scores
Hide
Comments
May contain spoilers
Recently Published
Presidents Visiting Landmarks
by Hejman
History
7m
An Introduction to Baseball
by treessimontrees
Sports
5m
Movies - When Are They Set?
by FPL_Elf
Movies
5m
More to Explore
Quiz From the Vault
Featured Blog Post
Where Did the Easter Bunny Come From?
hide this ad
You Might Also Like...
Tags
Book Quiz
alan
Today's Top Quizzes in Literature
Browse Literature
hide this ad
Today's Top Quizzes in Book
Browse Book
Top Contributed Quizzes in Literature
1
Sneaky Slytherin Logic Puzzle
2
Get The Picture: Black or White Literature
3
A Court of Thorns and Roses (ACoTaR) Logic Puzzle
4
One Thing in Common: Literature
5
5-to-1: Plays
6
Harry Potter Neighbourly Logic Puzzle #5
7
One Thing in Common: Literature 3
8
One Thing in Common: Literature II
9
One Thing in Common: Books
10
Harry Potter Neighbourly Logic Puzzle #3
Explore More
Trending Topics
Anime
Crossword
Marvel
Disney
Harry Potter
Kpop
NBA
Song
Soccer
Puzzle
WWE
Country
Pokémon
The Office
NFL
hide this ad
More By:
Albany
Quiz
Plays
Rating
Category
Featured
Created
Presidents of Brown University
126
5.00
History
Mar 24, 2011
Toad the Wet Sprocket Albums
62
5.00
Music
Jan 18, 2011
Alan Dershowitz Books
7
5.00
Literature
Feb 21, 2010
Go to Creator's Profile
Score Distribution
Quiz Creator Spotlight
Albany
Follow
Send a Message
Quizzes Created
-
Created Quiz Play Count
-
More By This Creator
Popular Quizzes Today
1
Find the US States - No Outlines Minefield
2
Find the Countries of Europe - No Outlines Minefield
3
The Countries of the World
4
Find the US States
5
Popular People in 1961
6
US States
7
Risky Map Clicking: Biggest States A-Z
8
1-10 Letter E Words III
More Literature Quizzes
Lord of the Rings Character Minefield
Published
Trending Quizzes
Risky Map Clicking: Least Populous States A-Z
1-10 Letter G Words
1-10 Letter F Words
One Thing in Common: United Kingdom
Risky Map Clicking: Next State Alphabetically
Recently Updated
Leaping Animals
pecheneg
Reality TV Shows (A-Z)
bhenderson79
Rickey Henderson's Hall of Fame Teammates
pecheneg
Champions League XIs: Arsenal
pecheneg
Quick Pick: Celebrities in WWE's Hall of Fame
aduchscher
A-Z Keypad Blitz II
pecheneg
Multiple Oscar Actors
pecheneg
Mystery Phrase Blitz: Oscar 'Best Actors'
pecheneg
F. Scott Fitzgerald Novels
LTH
Pick 3 Villains
ddd62291
Trending Topics
Crossword
NBA
Marvel
Harry Potter
Kpop
Anime
Disney
Song
Country
WWE
Soccer
The Office
Pokémon
Puzzle
NFL
Your Account Isn't Verified!
In order to create a playlist on Sporcle, you need to verify the email address you used during registration. Go to your
Sporcle Settings
to finish the process.
Report this User
Report this user for behavior that violates our
Community Guidelines
.
Details:
Send Report
Go to the Sporcle.com Mobile Site →
Comments